Renal Fibrosis: Mechanisms and Therapies

This book systemically presents the latest research on renal fibrosis, covering all the major topics in the field, including the possible mechanisms, biomarkers, and strategies for prevention and treatment of chronic kidney disease (CKD). Due to its high prevalence, CKD represents a huge global econ...

Full description

Bibliographic Details
Corporate Author: SpringerLink (Online service)
Other Authors: Liu, Bi-Cheng (Editor, http://id.loc.gov/vocabulary/relators/edt), Lan, Hui-Yao (Editor, http://id.loc.gov/vocabulary/relators/edt), Lv, Lin-Li (Editor, http://id.loc.gov/vocabulary/relators/edt)
Format: Electronic eBook
Language:English
Published: Singapore : Springer Singapore : Imprint: Springer, 2019.
Edition:1st ed. 2019.
Series:Advances in Experimental Medicine and Biology, 1165
Subjects:
Online Access:Full Text via HEAL-Link
LEADER 05261nam a2200565 4500
001 978-981-13-8871-2
003 DE-He213
005 20191220125842.0
007 cr nn 008mamaa
008 190809s2019 si | s |||| 0|eng d
020 |a 9789811388712  |9 978-981-13-8871-2 
024 7 |a 10.1007/978-981-13-8871-2  |2 doi 
040 |d GrThAP 
050 4 |a QH506 
072 7 |a MBGR  |2 bicssc 
072 7 |a SCI049000  |2 bisacsh 
072 7 |a MBGR  |2 thema 
072 7 |a PSD  |2 thema 
082 0 4 |a 611.01816  |2 23 
245 1 0 |a Renal Fibrosis: Mechanisms and Therapies  |h [electronic resource] /  |c edited by Bi-Cheng Liu, Hui-Yao Lan, Lin-Li Lv. 
250 |a 1st ed. 2019. 
264 1 |a Singapore :  |b Springer Singapore :  |b Imprint: Springer,  |c 2019. 
300 |a XVI, 709 p. 63 illus., 55 illus. in color.  |b online resource. 
336 |a text  |b txt  |2 rdacontent 
337 |a computer  |b c  |2 rdamedia 
338 |a online resource  |b cr  |2 rdacarrier 
347 |a text file  |b PDF  |2 rda 
490 1 |a Advances in Experimental Medicine and Biology,  |x 0065-2598 ;  |v 1165 
505 0 |a Prevalence and burden of chronic kidney disease -- Pathomorphism and evaluation of renal fibrosis -- Endothelial cells and renal fibrosis -- Mesangial cells and renal fibrosis -- Podocyte injury and glomerular sclerosis -- Tubular epithelial cell injury and renal fibrosis -- Monocyte-macrophages and renal fibrosis -- Pericytes and renal fibrosis -- Myofibroblast: Origin and regulation in renal fibrosis -- Mitochondrial lesion and renal fibrosis -- Metabolic nuclear receptors and renal fibrosis -- Role of renin angiotensin system in renal fibrosis -- Role of aldosterone in renal fibrosis -- TGF-β1 and renal fibrosis -- Connective tissue growth factor and renal fibrosis -- Lipid metabolism disorder and renal fibrosis -- Renal interstitial lymphangiogenesis in renal fibrosis -- Cell apoptosis and autophagy in renal fibrosis -- Pyroptosis and renal fibrosis -- Cell cycle arrest and renal fibrosis -- Inflammatory mediators and renal fibrosis -- Role of inflammasome in chronic kidney disease -- Oxidative stress and renal fibrosis -- Hypoxia and renal tubulointerstitial fibrosis -- Proteinuria and progression of chronic kidney disease -- Hypertension and renal fibrosis -- Diabetic Kidney disease and renal fibrosis -- Chronic allograft nephropathy and renal fibrosis -- Polycystic kidney disease and renal fibrosis -- Acute kidney injury and renal fibrosis -- Senescence and renal fibrosis -- Urinary biomarkers of renal fibrosis -- New therapies for the treatment of renal fibrosis. . 
520 |a This book systemically presents the latest research on renal fibrosis, covering all the major topics in the field, including the possible mechanisms, biomarkers, and strategies for prevention and treatment of chronic kidney disease (CKD). Due to its high prevalence, CKD represents a huge global economic and social burden. Irrespective of the initial causes, CKD progresses to end stage kidney disease (ESKD) due to renal fibrosis, which is characterized by glomerulosclerosis, tubule atrophy and atresia, and the excessive accumulation of extracellular matrix (ECM) in the kidney. Unfortunately, an estimated 1%-2% of the adult population living with CKD will need renal replacement therapy at some point as a result of ESKD. As such, strategies for preventing or slowing CKD progression to ESKD are of utmost importance, and studies aiming to understand the mechanisms of renal fibrosis have been the focus of intensive research. Recently, novel insights into the pathophysiological processes have furthered our understanding of the pathogenesis of renal fibrosis, and more importantly, promoted studies on the early diagnosis and treatment of CKD. This book draws lessons from the extensive, state-of-the-art research in this field, elaborating the new theories and new techniques to offer readers a detailed and comprehensive understanding of renal fibrosis and as well as inspiration for future research directions. 
650 0 |a Molecular biology. 
650 0 |a Nephrology. 
650 0 |a Biochemistry. 
650 0 |a Cell biology. 
650 1 4 |a Molecular Medicine.  |0 http://scigraph.springernature.com/things/product-market-codes/B1700X 
650 2 4 |a Nephrology.  |0 http://scigraph.springernature.com/things/product-market-codes/H33126 
650 2 4 |a Biochemistry, general.  |0 http://scigraph.springernature.com/things/product-market-codes/L14005 
650 2 4 |a Cell Biology.  |0 http://scigraph.springernature.com/things/product-market-codes/L16008 
700 1 |a Liu, Bi-Cheng.  |e editor.  |4 edt  |4 http://id.loc.gov/vocabulary/relators/edt 
700 1 |a Lan, Hui-Yao.  |e editor.  |4 edt  |4 http://id.loc.gov/vocabulary/relators/edt 
700 1 |a Lv, Lin-Li.  |e editor.  |4 edt  |4 http://id.loc.gov/vocabulary/relators/edt 
710 2 |a SpringerLink (Online service) 
773 0 |t Springer eBooks 
776 0 8 |i Printed edition:  |z 9789811388705 
776 0 8 |i Printed edition:  |z 9789811388729 
776 0 8 |i Printed edition:  |z 9789811388736 
830 0 |a Advances in Experimental Medicine and Biology,  |x 0065-2598 ;  |v 1165 
856 4 0 |u https://doi.org/10.1007/978-981-13-8871-2  |z Full Text via HEAL-Link 
912 |a ZDB-2-SBL 
950 |a Biomedical and Life Sciences (Springer-11642)